Polovodičové impulsové a spínací obvody

Gespeichert in:
Bibliographische Detailangaben
Hauptverfasser: Uhlíř, Jan (Verfasst von), Slípka, Jaroslav (Verfasst von)
Format: Buch
Sprache:Tschechisch
Veröffentlicht: Praha : SNTL, 1972
Ausgabe:1. vyd.
Tags: Tag hinzufügen
Keine Tags, Fügen Sie das erste Tag hinzu!

MARC

LEADER 00000nam a22000003a 4500
001 stu51883
005 20260210132804.1
008 000202s1972----cs------------------cze-d
040 |a STU  |b slo 
041 0 |a cze 
044 |a cs 
080 |a 621.37/39.01 
100 1 |a Uhlíř, Jan  |4 aut 
245 1 |a Polovodičové impulsové a spínací obvody 
250 |a 1. vyd. 
260 |a Praha :  |b SNTL,  |c 1972 
300 |a 224 s. 
700 1 |a Slípka, Jaroslav  |4 aut 
996 |b 284EK02563  |c E*28832  |l EE01  |s A  |a 24  |w stu51883_0001 
996 |b E28884  |c E*28884  |l EE11  |s P  |a 0  |w stu51883_0004 
996 |b 284EK91172  |c E* 91172  |l EE0101  |s P  |a 0  |w stu51883_0005